000 00561nam a22001937a 4500
005 20230529113312.0
008 230303b ||||| |||| 00| 0 eng d
020 _a8474444438
050 0 4 _aKKT2460
_bP75 1990
100 1 _aPrieto Sanchis, Luis
245 1 0 _aEstudios sobre derechos fundamentales
_c/ Luis Prieto Sanchis.
250 _a1a ed.
260 _aMadrid :
_bDebate,
_c1990
300 _a267 p. ;
_c23 cm.
504 _aIncluye bibliografía
650 7 _2lemb
_aDerechos humanos
650 7 _2lemb
_aDerechos civiles
_zEspaña
942 _2lcc
_cLIB
999 _c142603
_d142601